000 00673nam a2200241Ia 4500
008 140626s9999 xx 000 0 und d
100 _aRahman, Khairiah.
245 _aCrisis miscommunication and media persecution :
_b the case of the Singapore mass rapid transit /
_c Khairiah.Rahman
260 _cc2013.
300 _a40 : 3, page 244
440 _aMedia Asia
521 _aMC
650 _aCommunication.
650 _aGovernment.
650 _aMedia persecution.
650 _aMedia reporting.
650 _aMiscommunication.
650 _aSMRT.
650 _aSocial media.
650 _aTransit crises.
650 _aTransportation.
942 _cSE
999 _c121209
_d121209